Quá trình hình thành và phát triển của pháp luật trong quản lý nhà nước về xuất cảnh, nhập cảnh ở Việt Nam /

Zapisane w:
Opis bibliograficzny
1. autor: Nguyễn Văn Cường, ThS.
Format: Artykuł
Język:Vietnamese
Hasła przedmiotowe:
Etykiety: Dodaj etykietę
Nie ma etykietki, Dołącz pierwszą etykiete!
Thư viện lưu trữ: Thư viện Trường Đại học Đà Lạt
LEADER 00927nam a2200277 4500
001 DLU090071191
005 ##20090511
040 # # |a DLU  |b vie 
041 # # |a vie 
044 # # |a vn 
100 # # |a Nguyễn Văn Cường,   |c ThS. 
245 # # |a Quá trình hình thành và phát triển của pháp luật trong quản lý nhà nước về xuất cảnh, nhập cảnh ở Việt Nam /  |c Nguyễn Văn Cường. 
653 # # |a Quá trình hình thành 
653 # # |a Quá trình phát triển 
653 # # |a Quản lý nhà nước 
653 # # |a Xuất nhập cảnh 
773 # # |t Nhà nước và pháp luật  |g Số 3(215), 2006, tr. 19-24 
920 # # |a Phòng Tạp chí -- Trung tâm Thông tin - Thư viện Trường Đại học Đà Lạt 
994 # # |a DLU 
900 # # |a True 
911 # # |a Nguyễn Thị Hồng Lê 
925 # # |a G 
926 # # |a A 
927 # # |a BB 
980 # # |a Thư viện Trường Đại học Đà Lạt